000 01064nam a22002297a 4500
999 _c20592
_d20592
005 20191114050809.0
008 191114b xxu||||| |||| 00| 0 spa d
020 _a9789585945906
040 _aCO-BoIAVH
_cCO-BoIAVH
041 _aspa
044 _ack
082 _a305.8007
_bR31c
110 _aResguardo Indígena Arhuaco de la Sierra Nevada
245 _aCabildo Arhuaco de la Sierra Nevada, Niwi U’munukunu chwamu narigun re´no’kwamu : Entendimiento mutuo para el cuidado de nuestro territorio.
_bGuía de relacionamiento y diálogo entre el sector minero energético y el pueblo Arhuaco / Ministerio de Minas y Energía. Dirección de Asuntos Ambientales y Sociales.
260 _aValledupar:
_bMinisterio de Minas y Energía,
_c2015.
300 _a68 Páginas:
_bfotografías, ilustraciones y mapas,
_c20 x 23 cm.
650 0 _aComunidades indígenas
_vArhuaco
_zSierra nevada
650 0 _avalores ambientales
650 0 _aAspectos culturales
650 0 _aSector minero-energético
942 _2ddc
_cLIBRO